| 000 | 00563nam a22002057a 4500 | ||
|---|---|---|---|
| 005 | 20260515115056.0 | ||
| 008 | 250304b |||||||| |||| 00| 0 eng d | ||
| 020 | _a9789358499407 | ||
| 040 |
_aIN-DiNC _cIN-DiNC |
||
| 041 | _dhin | ||
| 082 |
_a891.43 _bJHA |
||
| 100 |
_aJha, Samir Kumar _eauthor |
||
| 245 |
_aSrijonatmok lekhon/ _cby Samir Kumar Jha and Noorsfsha Begum |
||
| 250 | _a1st ed. | ||
| 260 |
_aDibrugarh: _bBanalata, _c2025. |
||
| 300 | _a241p. | ||
| 650 | _aCreative writing in Hindi | ||
| 700 |
_aBegum, Noorafsha _eauthor |
||
| 942 |
_2ddc _cBK |
||
| 999 |
_c12108 _d12108 |
||